Código penal de la república argentina; y sus leyes y decretos complementarios... /

Guardado en:
Formato: Libro
Publicado: Buenos Aires : De Zavalia, 1963
Materias:
Etiquetas: Agregar Etiqueta
Sin Etiquetas, Sea el primero en etiquetar este registro!
LEADER 00450nam a22001455a 4500
001 CEM.cems000577
005 20060210000000.0
008 130507s1963##################000#0#####d
003 CEMS
082 0 4 |a 343 
245 0 0 |a Código penal de la república argentina; y sus leyes y decretos complementarios... / 
260 |a Buenos Aires :  |b De Zavalia,  |c 1963 
300 |a 142 p. 
653 |a Derecho penal 
859 |a CEMS  |b BIB. CEMS - 11 de abril  |h 343  |i AR37  |p 1199.73  |t Ej.1